| 000 | 00620nas a2200229 i 4500 | ||
|---|---|---|---|
| 001 | 2550 | ||
| 003 | ES-MaACL | ||
| 005 | 20250807062542.0 | ||
| 007 | t| | ||
| 008 | 950801c1946 sp a| | 1 ||pa d | ||
| 080 | _a61(058) | ||
| 245 | 0 | 0 |
_aAnuario sanitario español / _c[dir. Carlos González Ferradas]. |
| 260 |
_aMadrid : _bExcelsior, _c1946- ( _fSuc. de Rivadeneyra) |
||
| 300 |
_a1 v. ; _c28 cm. |
||
| 310 | _aAnual | ||
| 362 | 0 | _a1946- | |
| 650 | 1 | 7 |
_aMedicina _2embne _914891 |
| 700 | 1 |
_aGonzález Ferradas, Carlos, _edir. _9194508 |
|
| 852 |
_aES-MaACL _jE-1658 |
||
| 866 | 0 | _o1946. | |
| 999 |
_c2550 _d2550 |
||